000 00395nam a2200169Ia 4500
001 25672
003 IN-NITTTR
005 20251114233325.0
008 251113s9999||||xx |||||||||||||| ||eng||
040 _beng
040 _cIN-NITTTR
041 _aeng
082 _a928.9 B122B
100 _aBachchan, Harivansh Rai
245 0 _aBasere se door. /
_cBachchan, Harivansh Rai
942 _2ddc
_cBK
999 _c28301
_d28301